000 00603nam a2200157Ia 4500
008 160316s1995 xxu||||| |||| 00| 0 eng d
082 _a341.481026
_bCOL-I-1
100 _aColombey Jean-Pierre
245 _aCollection of international instruments and other legal texts concerning refugees and displaced persons.Vol.I : Universal instruments
250 _a
260 _aGeneva
_bUNHCR
_c1995
300 _a572p
_b
_c
365 _b
650 _a1.International Human Rights - Universal Instruments -Refugees 2.1.International Human Rights - Universal Instruments - Displaced Persons
700 _a
_a
999 _c10596
_d10596